000 06424namaa22004331i 4500
003 EG-GICUC
005 20260430161312.0
008 260430s2025 ua a|||frm||| 000 0 eng d
040 _aEG-GICUC
_beng
_cEG-GICUC
_dEG-GICUC
_erda
041 0 _aeng
_beng
_bara
049 _aDeposit
082 0 4 _a617.634
092 _a617.634
_221
097 _aM.Sc
099 _aCai01.09.02.M.Sc.2025.Sa.A
100 0 _aSara Mohsen Ayad Elias,
_epreparation.
245 1 0 _aAssessment of the efficiency of d-race versus xp endo rise retreatment rotary niti systems in root filling material removal in oval-shaped canals :
_ba comparative in-vitro study /
_cby Sara Mohsen Ayad Elias ; Supervisors Prof. Dr. Manar Fouda, Dr. Shaimaa Bakry.
246 1 5 _aتقييم كفاءة انظمه اعاده المعالجه دي راس و اكس بي اندو رايز النايتاي في إزالة الحشو داخل القناه في القنوات البيضاوية الشكل :
_bدراسة مقارنة معملية
264 0 _c2025.
300 _a109 pages :
_billustrations ;
_c25 cm. +
_eCD.
336 _atext
_2rda content
337 _aUnmediated
_2rdamedia
338 _avolume
_2rdacarrier
502 _aThesis (M.Sc)-Cairo University, 2025.
504 _aBibliography: pages 96-103.
520 3 _aAim: The present study aimed to evaluate the retreatment efficacy of D-RaCe versus XP Endo Rise retreatment rotary NiTi Systems in root filling material removal in single-rooted mandibular premolars. Methodology: Twenty-eight single-rooted premolars were disinfected with sodium hypochlorite and decoronated to a length of 16 mm for each tooth. After all roots received root canal therapy, they were stored at 37 °C and 100% humidity for a week to enable the sealer to set properly, then teeth were assigned randomly into two groups (n=14) according to the retreatment system used, group (1): D-Race (DR) control group, group (2): XP Endo Rise Retreatment (XPR). Bucco-lingual grooves were made to facilitate the longitudinal splitting of the roots. then, using Stereomicroscope images, the amount of the remaining gutta-percha and sealer for each root-canal third was analyzed and measured using Image J software, and the time needed to remove the root filling material was noted. vii Results: Regarding the amount of remaining filling material, the inter- group comparison showed that both groups resulted in incomplete root filling removal, with no significant difference between them. For the intra-group comparison, there was no significant difference between the three root thirds in the XPR group (p=0.109). Whereas D-RaCe showed a significantly lower percentage of remaining filling material in the apical third (p < 0.001). XPR significantly shortened the preparation time (p < 0.001). Conclusion: Both D-RaCe and XP Endo Rise retreatment systems resulted in incomplete removal of root canal filling material, with no significant difference between the two groups. While XP Endo Rise significantly shortened the retreatment time compared to the D-RaCe system.
520 3 _aغرض البحث: الغرض من هذه الدراسة هو تقييم كفاءة نظامي ( دي راس) و (اكس بي اندو رايز ) لإعادة المعالجة في إزالة مواد الحشو من القنوات الجذرية في الضواحك السفلية أحادية الجذر.في الاسنان ذات الجذور المفردة. طريقة البحث: تم استخدام ثمانية وعشرين ضاحكاً سفلياً أحادي الجذر، وتم تعقيمها باستخدام هيبوكلوريت الصوديوم وقطع التيجان للوصول إلى طول موحد قدره 16 مم لكل سن. بعد إجراء علاج الجذور لجميع العينات، تم حفظها لمدة أسبوع للسماح بتصلب المادة اللاصقه بشكل مناسب، ثم تم تقسيم الأسنان عشوائيًا إلى مجموعتين حسب نظام إعادة المعالجة المستخدم المجموعة الأولى: دي راس- المجموعة الضابطة المجموعة الثانية: اكس بي اندو رايز تم إجراء شقوق من الاتجاه الدهليزي نحو الاتجاه اللساني لتسهيل شطر الجذور طوليًا، ثم جرى استخدام صور ملتقطة بواسطة المجهر التشريحي الضوئي لتحليل وقياس كمية بقايا الجوتا بيركا والمادة اللاصقة في كل ثلث من القناة الجذرية باستخدام برنامج إيماج-ج، كما تم تسجيل الوقت المستغرق لإزالة مواد الحشو الجذري. النتائج: أظهرتأظهرت النتائج، فيما يخص كمية بقايا مواد الحشو الجذري، عدم وجود فرق ذو دلالة إحصائية بين المجموعتين. أما بالنسبة للوقت اللازم للتحضير، فقد أظهرت المجموعة الأولى (دي راس) استغراقًا وقتًا أطول بشكل ملحوظ مقارنة بالمجموعة الثانية ( اكس بي اندو رايز) . النتائج المستنتجة: أظهر كل من نظامي دي-راس و اكس-بي اندو رايز عدم القدرة على الإزالة الكاملة لمواد الحشو من القنوات الجذرية، مع عدم وجود فروق ذات دلالة إحصائية بين النظامين. ومع ذلك، فقد تميز نظام (اكس بي اندو رايز ) بتقليل الوقت اللازم لإعادة المعالجة بشكل ملحوظ مقارنة بنظام (دي راس).
530 _aIssues also as CD.
546 _aText in English and abstract in Arabic & English.
650 0 _aEndodontics
650 0 _aعلاج الجذور
653 1 _aretreatment
_acanal cleanliness,
_aXp-Endo-Rise
_aD-race
_aStereomicroscope
_agutta-percha removal
_aroot filling material
700 0 _aManar Fouda
_ethesis advisor.
700 0 _aShaimaa Bakry
_ethesis advisor.
900 _b01-01-2025
_cManar Fouda
_cShaimaa Bakry
_UCairo University
_FFaculty of Dentistry
_DDepartment of Endodontics
905 _aShimaa
942 _2ddc
_cTH
_e21
_n0
999 _c179866